The history of Comines / (Record no. 68801)
[ view plain ]
| 000 -LEADER | |
|---|---|
| fixed length control field | 01171cam4a220026500 4500 |
| 001 - CONTROL NUMBER | |
| control field | tmp15217899 |
| 003 - CONTROL NUMBER IDENTIFIER | |
| control field | UPRA |
| 005 - DATE AND TIME OF LATEST TRANSACTION | |
| control field | 20190815110040.0 |
| 008 - FIXED-LENGTH DATA ELEMENTS--GENERAL INFORMATION | |
| fixed length control field | 950717r19671896nyu eng u |
| 035 ## - SYSTEM CONTROL NUMBER | |
| System control number | (Sirsi) r78645 |
| 035 ## - SYSTEM CONTROL NUMBER | |
| System control number | (UPRA)tmp15217899 |
| 040 ## - CATALOGING SOURCE | |
| Transcribing agency | UPRA |
| 050 #0 - LIBRARY OF CONGRESS CALL NUMBER | |
| Classification number | DC 106.9.C723 1967 |
| 100 1# - MAIN ENTRY--PERSONAL NAME | |
| Personal name | Comines, Phillipe de. |
| Linkage | A38448.1 |
| 245 14 - TITLE STATEMENT | |
| Title | The history of Comines / |
| Statement of responsibility, etc. | Englished by Thomas Danett, anno 1596 ; with an introduction by Charles Whibley. |
| 260 ## - PUBLICATION, DISTRIBUTION, ETC. | |
| Place of publication, distribution, etc. | New York : |
| Name of publisher, distributor, etc. | AMS Press, |
| Date of publication, distribution, etc. | 1967. |
| 490 1# - SERIES STATEMENT | |
| Series statement | The Tudor translations, ed. by W.E. Henley ; |
| Volume/sequential designation | v. 17-18 |
| 500 ## - GENERAL NOTE | |
| General note | Originally published by David Nutt in 1896. |
| 651 #0 - SUBJECT ADDED ENTRY--GEOGRAPHIC NAME | |
| Geographic name | France -- History -- House of Valois, 1328-1589. |
| General subdivision | France -- History -- House of Valois, 1328-1589. |
| Chronological subdivision | France -- History -- House of Valois, 1328-1589. |
| Linkage | S30243.1 |
| 700 1# - ADDED ENTRY--PERSONAL NAME | |
| Personal name | Danett, Thomas, fl. 1566-1601. |
| Dates associated with a name | Danett, Thomas, fl. 1566-1601. |
| Linkage | A38449.1 |
| 830 #0 - SERIES ADDED ENTRY--UNIFORM TITLE | |
| Uniform title | Tudor translations ; |
| Volume/sequential designation | vol. 17-18. |
| Linkage | S380.1 |
| 949 ## - LOCAL PROCESSING INFORMATION (OCLC) | |
| a | DC 106.9.C723 1967 |
| v | VOL. 1 |
| w | lcc |
| i | 33729000069216 |
| m | MAIN |
| p | 2500 |
| t | BOOK |
| l | ON-SHELF |
| 949 ## - LOCAL PROCESSING INFORMATION (OCLC) | |
| a | DC 106.9.C723 1967 |
| v | VOL. 2 |
| w | lcc |
| i | 33729000073564 |
| m | MAIN |
| p | 2500 |
| t | BOOK |
| l | ON-SHELF |
No items available.